Normal view
MARC view
- الخلفاء الراشدين-تراث- فقه اسلامي
Entry Topical Term
001 - CONTROL NUMBER
- control field: 19593
003 - CONTROL NUMBER IDENTIFIER
- control field: JO-AjAnu
005 - DATE AND TIME OF LATEST TRANSACTION
- control field: 20230606073424.0
008 - FIXED-LENGTH DATA ELEMENTS
- fixed length control field: 230606|| aca||aabn | a|a d
040 ## - CATALOGING SOURCE
- Original cataloging agency: JO-AjAnu
- Transcribing agency: JO-AjAnu
150 ## - HEADING--TOPICAL TERM
- Topical term or geographic name entry element: الخلفاء الراشدين-تراث- فقه اسلامي
670 ## - SOURCE DATA FOUND
- Source citation: Work cat.: (JO-AjAnu)10060: ابراهيم،محمد اسماعيل, author 19592, تراث الخلفاء الراشدين عرض شامل لحياة الخلفاء الراشدين والتعريف بشخصياتهم وأعمالهم المجيدة وما جرى في عهودهم من الحوادث الحافلة بالعبر والعظات البالغة